Training your parrot
| Main Author: | |
|---|---|
| Format: | Book |
| Published: |
New Jersey :
T.F.H.Publications,Inc. ,
1983
|
| Subjects: |
MARC
| LEADER | 00000cam a2200000 7i4500 | ||
|---|---|---|---|
| 001 | 0000000136 | ||
| 002 | 000000189 | ||
| 005 | 20000330.0 | ||
| 020 | |a 0876668724 | ||
| 090 | 0 | 0 | |a 636.6865 |b MUR |
| 100 | 1 | |a Murphy, Kevin | |
| 245 | 1 | 0 | |a Training your parrot |c Kevin Murphy |
| 260 | |a New Jersey : |b T.F.H.Publications,Inc. , |c 1983 | ||
| 300 | |a 189p. : |b ill ; |c 21cm. | ||
| 650 | 0 | 0 | |a Parrots |
| 999 | |a 027969 |b BUKU |c PINJAMAN |e PERPUSTAKAAN KOMUNITI PETALING JAYA | ||